[Event "2. CLANSKA LIGA ZAHOD 2014"]
[Site "Ljubljana"]
[Date "2014.10.18"]
[Round "3.4"]
[White "Grum, Andrej"]
[Black "Bavec, Vinko"]
[Result "1-0"]
[WhiteElo "1711"]
[BlackElo "1644"]
[PlyCount "61"]
[EventDate "2014.10.18"]
[WhiteTeam "SK TRZIN"]
[BlackTeam "SK LOSKA DOLINA"]

1. e4 c5 2. Nf3 Nc6 3. c4 e6 4. Nc3 a6 5. d4 cxd4 6. Nxd4 h6 7. Nxc6 bxc6 8.
Be2 Nf6 9. e5 Ng8 10. O-O g6 11. Ne4 Qc7 12. f4 Be7 13. c5 Kf8 14. Be3 Kg7 15.
g4 Qd8 16. f5 Kh7 17. fxe6 f6 18. Bd4 dxe6 19. exf6 e5 20. fxe7 Qxe7 21. Bc3 h5
22. g5 Bf5 23. Ng3 Qxc5+ 24. Kh1 Ne7 25. Nxf5 Nxf5 26. Qd7+ Ng7 27. Bf3 Rac8
28. Be4 Rhg8 29. Qf7 Qd6 30. Rf6 Rc7 31. Qxg6+ 1-0

[Event "2. CLANSKA LIGA ZAHOD 2014"]
[Site "Ljubljana"]
[Date "2014.10.18"]
[Round "3.5"]
[White "Drobnic, Simona"]
[Black "Markic, Vladimir"]
[Result "0-1"]
[WhiteElo "1427"]
[BlackElo "1722"]
[PlyCount "68"]
[EventDate "2014.10.18"]
[WhiteTeam "SK LOSKA DOLINA"]
[BlackTeam "SK TRZIN"]

1. e4 d5 2. exd5 Nf6 3. Nf3 Nxd5 4. d3 g6 5. Be2 Bg7 6. O-O O-O 7. Bd2 b6 8.
Nc3 Bb7 9. Nxd5 Bxd5 10. c3 c5 11. Qc1 Nd7 12. Re1 Nf6 13. Bh6 e6 14. Ne5 Nd7
15. Nxd7 Qxd7 16. Bxg7 Kxg7 17. Qe3 Rad8 18. d4 cxd4 19. Qxd4+ Kg8 20. Rad1 Qe7
21. Qa4 Qb7 22. f3 Bc6 23. Qa6 Qb8 24. Bb5 Bb7 25. Qa4 Ba8 26. Bc6 Bb7 27. Bxb7
Qxb7 28. Rxd8 Rxd8 29. Rd1 Rxd1+ 30. Qxd1 Qd5 31. Qxd5 exd5 32. Kf2 Kf8 33. Ke3
Ke7 34. Kd4 Kd6 0-1

[Event "2. CLANSKA LIGA ZAHOD 2014"]
[Site "Ljubljana"]
[Date "2014.10.18"]
[Round "3.6"]
[White "Mihelic, Mitja"]
[Black "Drobnic, Rok"]
[Result "1-0"]
[WhiteElo "1674"]
[BlackElo "1189"]
[PlyCount "37"]
[EventDate "2014.10.18"]
[WhiteTeam "SK TRZIN"]
[BlackTeam "SK LOSKA DOLINA"]

1. d4 Nf6 2. Nf3 e6 3. e3 Be7 4. b3 O-O 5. Bb2 d5 6. Bd3 Nbd7 7. Nbd2 c5 8. O-O
b6 9. c4 Bb7 10. Rc1 Ne4 11. Bb1 Nxd2 12. Nxd2 Qc7 13. Re1 Qc6 14. cxd5 Qxd5
15. Be4 Qd6 16. Bxb7 Rab8 17. Bf3 cxd4 18. Nc4 Qc7 19. Bxd4 1-0

[Event "2. CLANSKA LIGA ZAHOD 2014"]
[Site "Ljubljana"]
[Date "2014.10.18"]
[Round "3.1"]
[White "Plenca, Julijan"]
[Black "Ribicic, Marko"]
[Result "1-0"]
[WhiteElo "2369"]
[BlackElo "1830"]
[PlyCount "99"]
[EventDate "2014.10.18"]
[WhiteTeam "SD STARI TRG OB KOLPI"]
[BlackTeam "SD PIRAN"]

1. e4 d5 2. exd5 Qxd5 3. Nc3 Qd8 4. d4 e6 5. Nf3 c5 6. Bg5 Nf6 7. dxc5 Qxd1+ 8.
Rxd1 Bxc5 9. Bb5+ Nc6 10. Ne5 O-O 11. Nxc6 bxc6 12. Bxc6 Rb8 13. Na4 Be7 14. b3
Ba6 15. c4 Rfc8 16. Bxf6 Bxf6 17. Bd7 Rc7 18. O-O Rd8 19. Bb5 Bxb5 20. Rxd8+
Bxd8 21. cxb5 Kf8 22. Rd1 Ke7 23. g3 Rc2 24. Ra1 e5 25. a3 Ke6 26. b4 e4 27. g4
Bh4 28. Rf1 Ra2 29. Nc5+ Ke5 30. a4 Rb2 31. Na6 Kf4 32. a5 Kf3 33. b6 axb6 34.
axb6 Bxf2+ 35. Kh1 Ke2 36. b7 Ba7 37. Kg2 Ke3+ 38. Kg3 f6 39. b8=Q Bxb8+ 40.
Nxb8 Rxb4 41. Nc6 Ra4 42. Ne7 Ra3 43. Rf2 Kd4+ 44. Kg2 e3 45. Nf5+ Ke4 46. Ng3+
Kd4 47. Rb2 Kc3 48. Re2 Kd4 49. Kf3 g6 50. Nf1 1-0

[Event "2. CLANSKA LIGA ZAHOD 2014"]
[Site "Ljubljana"]
[Date "2014.10.18"]
[Round "3.2"]
[White "Grein, Bogomir"]
[Black "Juranic, Bruno"]
[Result "0-1"]
[WhiteElo "1778"]
[BlackElo "2170"]
[PlyCount "56"]
[EventDate "2014.10.18"]
[WhiteTeam "SD PIRAN"]
[BlackTeam "SD STARI TRG OB KOLPI"]

1. d4 d5 2. Bg5 f6 3. Bf4 Nc6 4. c3 e5 5. dxe5 fxe5 6. Bg3 Nf6 7. e3 a6 8. Nf3
Bd6 9. Bh4 Be6 10. Be2 O-O 11. Ng5 Qd7 12. Nxe6 Qxe6 13. O-O Ne7 14. h3 e4 15.
Nd2 Nf5 16. Bxf6 Rxf6 17. Re1 Qe5 18. Nf1 Raf8 19. f4 exf3 20. Bxf3 c6 21. e4
Nh4 22. exd5 Nxf3+ 23. Qxf3 Rxf3 24. Rxe5 Rxf1+ 25. Rxf1 Rxf1+ 26. Kxf1 Bxe5
27. dxc6 bxc6 28. Ke2 Kf7 0-1

[Event "2. CLANSKA LIGA ZAHOD 2014"]
[Site "Ljubljana"]
[Date "2014.10.18"]
[Round "3.3"]
[White "Baric, Dusan"]
[Black "Brecevic, Liam"]
[Result "1-0"]
[WhiteElo "2058"]
[BlackElo "1621"]
[PlyCount "95"]
[EventDate "2014.10.18"]
[WhiteTeam "SD STARI TRG OB KOLPI"]
[BlackTeam "SD PIRAN"]

1. e4 c5 2. c3 Nc6 3. d4 cxd4 4. cxd4 d5 5. Nc3 e6 6. e5 Bb4 7. Nf3 h6 8. Bd3
f5 9. O-O Nge7 10. Bd2 O-O 11. Nb5 Bxd2 12. Qxd2 a6 13. Nd6 Rb8 14. Rac1 Bd7
15. Bb1 Nc8 16. Nxc8 Rxc8 17. Rc3 Na7 18. Rfc1 Rxc3 19. bxc3 Bb5 20. Bd3 Bc6
21. Qb2 Re8 22. Nd2 Qg5 23. Nb3 f4 24. f3 Bb5 25. c4 dxc4 26. Bxc4 Bc6 27. Qe2
Nb5 28. a4 Nc7 29. Na5 Bd5 30. Bxd5 Nxd5 31. Nxb7 Rb8 32. Nd6 Rb4 33. Rc8+ Kh7
34. Qc2+ g6 35. Ra8 Qe7 36. h3 Ne3 37. Qe4 Rxa4 38. Qxf4 Ra1+ 39. Kf2 Nd1+ 40.
Kg3 Kg7 41. Ne8+ Kh8 42. Nf6+ Kg7 43. Rg8+ Kf7 44. Nd5+ Kxg8 45. Nxe7+ Kg7 46.
Qf6+ Kh7 47. Qxg6+ Kh8 48. Qg8# 1-0

[Event "2. CLANSKA LIGA ZAHOD 2014"]
[Site "Ljubljana"]
[Date "2014.10.18"]
[Round "3.4"]
[White "Gasparic, Stojan"]
[Black "Kobe, Uros"]
[Result "1/2-1/2"]
[WhiteElo "1511"]
[BlackElo "2119"]
[PlyCount "60"]
[EventDate "2014.10.18"]
[WhiteTeam "SD PIRAN"]
[BlackTeam "SD STARI TRG OB KOLPI"]

1. e4 e6 2. d4 d5 3. Nd2 c5 4. Ngf3 Nf6 5. exd5 exd5 6. Be2 b6 7. O-O Be7 8. c4
O-O 9. cxd5 Bb7 10. dxc5 Bxc5 11. Nb3 Be7 12. Nfd4 Nxd5 13. Bf3 Na6 14. Bf4 Qd7
15. Bg3 Rfe8 16. Bg4 Qa4 17. Nf5 Rad8 18. Nbd4 Qxd1 19. Nxe7+ Rxe7 20. Rfxd1
Nf6 21. Nf5 Rxd1+ 22. Rxd1 Re6 23. Rd8+ Re8 24. Rxe8+ Nxe8 25. Nd6 Nxd6 26.
Bxd6 Nc5 27. Bxc5 bxc5 28. Kf1 Kf8 29. g3 Ke7 30. Ke2 Kd8 1/2-1/2

[Event "2. CLANSKA LIGA ZAHOD 2014"]
[Site "Ljubljana"]
[Date "2014.10.18"]
[Round "3.5"]
[White "Bedic, Slavko"]
[Black "Ploc, Albert"]
[Result "1-0"]
[WhiteElo "1943"]
[BlackElo "1500"]
[PlyCount "29"]
[EventDate "2014.10.18"]
[WhiteTeam "SD STARI TRG OB KOLPI"]
[BlackTeam "SD PIRAN"]

1. c4 c5 2. Nc3 d6 3. g3 Nc6 4. Bg2 Nf6 5. Nf3 g6 6. d4 cxd4 7. Nxd4 Ne5 8. b3
Bg7 9. Bb2 O-O 10. O-O Rb8 11. Qd2 Bd7 12. Rac1 Qc8 13. Rfd1 Bh3 14. Nd5 Bxg2
15. Nxe7+ 1-0

[Event "2. CLANSKA LIGA ZAHOD 2014"]
[Site "Ljubljana"]
[Date "2014.10.18"]
[Round "3.6"]
[White "Debevec, Katarina"]
[Black "Danculovic, Jovica"]
[Result "0-1"]
[WhiteElo "1500"]
[BlackElo "1966"]
[PlyCount "66"]
[EventDate "2014.10.18"]
[WhiteTeam "SD PIRAN"]
[BlackTeam "SD STARI TRG OB KOLPI"]

1. d4 d5 2. e3 Nf6 3. c4 c6 4. Nc3 e6 5. Bd3 Nbd7 6. Nge2 dxc4 7. Bxc4 b5 8.
Bd3 a6 9. Bd2 Bb7 10. f3 c5 11. Be4 Nxe4 12. Nxe4 e5 13. O-O Qb6 14. Be1 Be7
15. Bf2 O-O 16. Rc1 Rfd8 17. Qe1 Rac8 18. b3 f5 19. N4g3 g6 20. Qd2 Nf6 21. Qb2
e4 22. fxe4 Nxe4 23. Nxe4 Bxe4 24. Rfd1 Qb7 25. Nf4 Kf7 26. Be1 Bf6 27. Qe2
cxd4 28. Rxc8 Qxc8 29. exd4 Rxd4 30. Rxd4 Bxd4+ 31. Kf1 Qc2 32. Qxc2 Bxc2 33.
Nd5 Bd3# 0-1

[Event "2. CLANSKA LIGA ZAHOD 2014"]
[Site "Ljubljana"]
[Date "2014.10.18"]
[Round "3.1"]
[White "Anakiev, Dimitar"]
[Black "Biti, Ozren"]
[Result "0-1"]
[WhiteElo "2042"]
[BlackElo "2354"]
[PlyCount "124"]
[EventDate "2014.10.18"]
[WhiteTeam "SD RADOVLJICA"]
[BlackTeam "SD POSOCJE"]

1. Nf3 d6 2. g3 e5 3. Bg2 f5 4. O-O Nf6 5. d3 Be7 6. c3 O-O 7. Nbd2 c6 8. b4
Kh8 9. Qc2 Qe8 10. a4 Qh5 11. b5 c5 12. a5 a6 13. c4 Nbd7 14. Bb2 f4 15. Bc3
fxg3 16. hxg3 Ng4 17. Rfb1 Ndf6 18. Nf1 d5 19. cxd5 Nxd5 20. Be1 Nc7 21. bxa6
Rxa6 22. Rb6 Ne6 23. Rab1 Ra7 24. Qa2 Nd8 25. N3h2 Nxh2 26. Nxh2 Qe8 27. Bd5
Rf6 28. Rxf6 gxf6 29. Qc4 Kg7 30. Qe4 Qg6 31. Qg2 Qe8 32. Rb6 Ra6 33. Rxa6 bxa6
34. Qe4 Qg6 35. Nf3 Qxe4 36. Bxe4 f5 37. Bd5 Bd6 38. Bc3 Kf6 39. Nd2 Bb7 40.
Bxb7 Nxb7 41. Nc4 Ke6 42. e3 Bc7 43. Kf1 Kd5 44. Ke2 e4 45. Kd2 Nd8 46. Ke2 Ne6
47. Nd2 exd3+ 48. Kxd3 c4+ 49. Ke2 Nc5 50. Nf3 Nb7 51. Nd4 Be5 52. Kd2 Bxd4 53.
exd4 Nd6 54. Bb4 Nb5 55. Bc3 Nxd4 56. Ke3 Ne6 57. f3 h5 58. Bf6 Kc5 59. Bc3 Kb5
60. Bd2 Ka4 61. Bc3 Kb3 62. Kd2 Ng5 0-1

[Event "2. CLANSKA LIGA ZAHOD 2014"]
[Site "Ljubljana"]
[Date "2014.10.18"]
[Round "3.2"]
[White "Vandersmissen, Mathieu"]
[Black "Kocevar, Tugomir"]
[Result "0-1"]
[WhiteElo "2117"]
[BlackElo "2006"]
[PlyCount "116"]
[EventDate "2014.10.18"]
[WhiteTeam "SD POSOCJE"]
[BlackTeam "SD RADOVLJICA"]

1. e4 d5 2. exd5 Qxd5 3. Nc3 Qa5 4. d4 e5 5. Qe2 Nc6 6. d5 Bb4 7. Qc4 Nd4 8.
Kd1 Bf5 9. Bd3 Bxd3 10. Qxd3 Ne7 11. Be3 Bxc3 12. bxc3 Qxd5 13. f3 Ndf5 14. Bd2
O-O-O 15. Qxd5 Nxd5 16. Kc1 Nfe3 17. Ne2 Nc4 18. Be1 Nde3 19. Bf2 Rd5 20. Ng3
Rhd8 21. Bxe3 Nxe3 22. Kb2 Rd2 23. Rae1 Nc4+ 24. Kb3 b5 25. a4 a6 26. axb5 axb5
27. Rhg1 Kb7 28. Ne4 R2d5 29. g4 f6 30. h4 Kb6 31. h5 h6 32. Ra1 Nd2+ 33. Nxd2
Rxd2 34. Rgf1 Rg2 35. Ra2 Rdd2 36. Rfa1 Rdf2 37. Kb4 Rxf3 38. Ra6+ Kb7 39. c4
Rxg4 40. Kxb5 Rc3 41. R1a4 Rxc2 42. Ra7+ Kc8 43. c5 Rxa4 44. Rxa4 Kd7 45. Rg4
Rb2+ 46. Kc4 Kc6 47. Rxg7 Rh2 48. Rg6 Rh4+ 49. Kd3 Rxh5 50. Rxf6+ Kxc5 51. Ke4
Kb4 52. Rf8 Kc4 53. Rh8 c5 54. Rh7 Kc3 55. Rc7 Kb4 56. Rb7+ Kc3 57. Rc7 c4 58.
Kd5 Kd3 0-1

[Event "2. CLANSKA LIGA ZAHOD 2014"]
[Site "Ljubljana"]
[Date "2014.10.18"]
[Round "3.3"]
[White "Krivec, Metod"]
[Black "Raspor, Gregor"]
[Result "0-1"]
[WhiteElo "1864"]
[BlackElo "2068"]
[PlyCount "102"]
[EventDate "2014.10.18"]
[WhiteTeam "SD RADOVLJICA"]
[BlackTeam "SD POSOCJE"]

1. d4 Nf6 2. c4 e6 3. Nc3 Bb4 4. Qc2 O-O 5. a3 Bxc3+ 6. Qxc3 b6 7. Nf3 Bb7 8.
g3 d6 9. Bg2 Nbd7 10. O-O Qe7 11. Re1 c5 12. b3 Rac8 13. Bb2 Ne4 14. Qe3 Ndf6
15. h3 Rfd8 16. Nd2 Nxd2 17. Qxd2 Bxg2 18. Kxg2 Qb7+ 19. Kg1 d5 20. dxc5 dxc4
21. Qc3 cxb3 22. Qxb3 Rxc5 23. Rac1 Ne4 24. Rxc5 Nxc5 25. Qe3 Qd5 26. Qc3 f6
27. Bc1 Qb3 28. Bb2 Rd1 29. Kf1 Qd5 30. f3 Qb3 31. Qxb3 Rxe1+ 32. Kxe1 Nxb3 33.
Kd1 Kf7 34. Kc2 Nc5 35. Bd4 Ke7 36. Kc3 Kd6 37. e4 Kc6 38. Be3 Kb5 39. Bc1 e5
40. h4 Nb7 41. g4 a5 42. g5 Nc5 43. h5 fxg5 44. Bxg5 Ne6 45. Be3 h6 46. a4+ Kc6
47. Kc4 Ng5 48. f4 exf4 49. Bxf4 Nxe4 50. Be5 Nf6 51. Bxf6 gxf6 0-1

[Event "2. CLANSKA LIGA ZAHOD 2014"]
[Site "Ljubljana"]
[Date "2014.10.18"]
[Round "3.4"]
[White "Ursic, Mateja"]
[Black "Prestrl, Jozef"]
[Result "1/2-1/2"]
[WhiteElo "2034"]
[BlackElo "1943"]
[PlyCount "127"]
[EventDate "2014.10.18"]
[WhiteTeam "SD POSOCJE"]
[BlackTeam "SD RADOVLJICA"]

1. e4 c6 2. d4 d5 3. exd5 cxd5 4. c4 Nf6 5. Nc3 e6 6. Bg5 Be7 7. Nf3 O-O 8. Bd3
dxc4 9. Bxc4 b6 10. O-O Ba6 11. b3 h6 12. Bh4 Bb7 13. Rc1 Nc6 14. Bxf6 Bxf6 15.
d5 exd5 16. Nxd5 Na5 17. Re1 Nxc4 18. bxc4 Qd6 19. Qb3 Rfe8 20. Red1 Qc6 21.
Qd3 Rad8 22. Qf5 Rd6 23. Ne3 Rxd1+ 24. Rxd1 Qa4 25. Qb5 Bc6 26. Qxa4 Bxa4 27.
Rd3 Be7 28. Nd4 Rd8 29. Nd5 Bc5 30. Nf5 Kh8 31. Rg3 Re8 32. Nfe3 Bc6 33. h4 g6
34. h5 Re6 35. Rf3 Kg7 36. hxg6 fxg6 37. Rg3 Kh7 38. Rf3 Kg7 39. Rg3 Re5 40. f4
Re4 41. Kf1 Kf7 42. Rf3 b5 43. Ng4 Kg7 44. Nde3 h5 45. Ne5 Be8 46. Ke2 bxc4 47.
Rg3 Kh6 48. Kd2 Bb4+ 49. Ke2 Rxf4 50. N3xc4 Bb5 51. Kd3 Rf6 52. Kd4 Rf4+ 53.
Kd5 Rf6 54. Rb3 Bxc4+ 55. Kxc4 Ba5 56. Rb7 Bb6 57. Nf7+ Kg7 58. Ne5+ Kg8 59.
Rb8+ Kg7 60. Rb7+ Kg8 61. Rb8+ Kh7 62. Rb7+ Kh6 63. Nf7+ Kg7 64. Ne5+ 1/2-1/2

[Event "2. CLANSKA LIGA ZAHOD 2014"]
[Site "Ljubljana"]
[Date "2014.10.18"]
[Round "3.5"]
[White "Torkar, Boris"]
[Black "Ursic, Jakob"]
[Result "1/2-1/2"]
[WhiteElo "1876"]
[BlackElo "1952"]
[PlyCount "37"]
[EventDate "2014.10.18"]
[WhiteTeam "SD RADOVLJICA"]
[BlackTeam "SD POSOCJE"]

1. d4 d5 2. c4 e6 3. Nc3 c5 4. e3 Nf6 5. Nf3 Nc6 6. Be2 a6 7. dxc5 Bxc5 8. O-O
O-O 9. b3 dxc4 10. Bxc4 b5 11. Be2 Bb7 12. Qxd8 Rfxd8 13. Bb2 Rd7 14. Rfd1 Rad8
15. Rac1 Bb6 16. Rxd7 Rxd7 17. Rd1 Rxd1+ 18. Bxd1 Nb4 19. Ne1 1/2-1/2

[Event "2. CLANSKA LIGA ZAHOD 2014"]
[Site "Ljubljana"]
[Date "2014.10.18"]
[Round "3.6"]
[White "Hozjan, Erik"]
[Black "Pretnar, Bostjan"]
[Result "1-0"]
[WhiteElo "1848"]
[BlackElo "1727"]
[PlyCount "43"]
[EventDate "2014.10.18"]
[WhiteTeam "SD POSOCJE"]
[BlackTeam "SD RADOVLJICA"]

1. e4 Nf6 2. Nc3 d5 3. exd5 Nxd5 4. Bc4 e6 5. Nf3 Be7 6. O-O O-O 7. Re1 c6 8.
d4 Nd7 9. Qe2 Re8 10. Ne4 N7f6 11. c3 a5 12. a4 Qc7 13. Ne5 Nxe4 14. Qxe4 b6
15. Nxc6 Bb7 16. Bxd5 exd5 17. Nxe7+ Kh8 18. Qe5 Qd7 19. Bg5 h6 20. Bf6 gxf6
21. Qxf6+ Kh7 22. Qxf7+ 1-0

[Event "2. CLANSKA LIGA ZAHOD 2014"]
[Site "Ljubljana"]
[Date "2014.10.19"]
[Round "4.1"]
[White "Krumpak, Hinko"]
[Black "Biti, Ozren"]
[Result "0-1"]
[WhiteElo "2140"]
[BlackElo "2354"]
[PlyCount "74"]
[EventDate "2014.10.19"]
[WhiteTeam "SK VISNJA GORA - STICNA"]
[BlackTeam "SD POSOCJE"]

1. b3 e5 2. Bb2 d6 3. g3 f5 4. Bg2 Nf6 5. e3 Be7 6. Ne2 O-O 7. d4 e4 8. c4 c6
9. O-O Na6 10. h4 Nc7 11. Nbc3 d5 12. Nf4 Ne6 13. Nce2 Bd6 14. a4 Re8 15. Ba3
Bb8 16. Re1 Qd7 17. Bh3 g6 18. Qc2 Qf7 19. Rac1 Nxf4 20. gxf4 Be6 21. Ng3 Bc7
22. Kh2 Kh8 23. Rg1 Rg8 24. Rh1 Qd7 25. Bf1 Rac8 26. Kg2 Kg7 27. b4 Kf7 28. Qb2
h6 29. b5 g5 30. hxg5 hxg5 31. fxg5 Rxg5 32. bxc6 bxc6 33. cxd5 Bxd5 34. Bc4
Bxc4 35. Rxc4 Rcg8 36. Rh3 Nd5 37. Qb7 Rxg3+ 0-1

[Event "2. CLANSKA LIGA ZAHOD 2014"]
[Site "Ljubljana"]
[Date "2014.10.19"]
[Round "4.2"]
[White "Vandersmissen, Mathieu"]
[Black "Sotirov, Pavle"]
[Result "1-0"]
[WhiteElo "2117"]
[BlackElo "1867"]
[PlyCount "121"]
[EventDate "2014.10.19"]
[WhiteTeam "SD POSOCJE"]
[BlackTeam "SK VISNJA GORA - STICNA"]

1. e4 c5 2. Nf3 Nc6 3. d4 cxd4 4. Nxd4 Nxd4 5. Qxd4 d6 6. Nc3 a6 7. Bc4 e6 8.
O-O Nf6 9. Bg5 Be7 10. Rad1 b5 11. Bb3 e5 12. Qd3 Ra7 13. Bxf6 gxf6 14. Qe3 Ra8
15. Bd5 Rb8 16. Qh6 Be6 17. Qg7 Kd7 18. Rd3 h5 19. Rfd1 Rb6 20. Qg3 h4 21. Qe3
Qc7 22. b4 h3 23. g3 Ke8 24. Kh1 Rb8 25. Bb3 Qb6 26. Qxb6 Rxb6 27. f4 f5 28. a3
fxe4 29. Nxe4 Bxb3 30. cxb3 exf4 31. gxf4 Rh4 32. Rf1 Rc6 33. Nc3 Kf8 34. Nd5
Bd8 35. Kg1 Bb6+ 36. Nxb6 Rxb6 37. Rff3 Rc6 38. Kf2 Rg4 39. Ke3 Rg2 40. Rxh3
Rcc2 41. Rxd6 Rce2+ 42. Kf3 f5 43. Rf6+ Ke7 44. Rxf5 Ref2+ 45. Ke4 Re2+ 46. Kd5
Rd2+ 47. Kc5 Rc2+ 48. Kb6 Rg6+ 49. Ka5 Ra2 50. a4 Ra3 51. Rh7+ Ke6 52. Rc5 bxa4
53. bxa4 Rf6 54. Rc6+ Kf5 55. Rh5+ Kg6 56. Rh6+ Kxh6 57. Rxf6+ Kh5 58. Rxa6 Kg4
59. Rc6 Kxf4 60. b5 Ke5 61. Rh6 1-0

[Event "2. CLANSKA LIGA ZAHOD 2014"]
[Site "Ljubljana"]
[Date "2014.10.19"]
[Round "4.3"]
[White "Perovsek, Milan"]
[Black "Raspor, Gregor"]
[Result "0-1"]
[WhiteElo "1812"]
[BlackElo "2068"]
[PlyCount "54"]
[EventDate "2014.10.19"]
[WhiteTeam "SK VISNJA GORA - STICNA"]
[BlackTeam "SD POSOCJE"]

1. e4 c6 2. d4 d5 3. exd5 cxd5 4. c4 Nf6 5. Nc3 e6 6. cxd5 Nxd5 7. Bb5+ Nc6 8.
Nge2 Be7 9. O-O O-O 10. Ne4 Qb6 11. Qa4 Rd8 12. Be3 e5 13. Rac1 Bg4 14. N2c3
exd4 15. Bxc6 Nxe3 16. fxe3 bxc6 17. Nf2 dxc3 18. Nxg4 cxb2 19. Rb1 h5 20. Qf4
Rf8 21. Ne5 Bd6 22. Qe4 Rae8 23. Rf5 Bxe5 24. Rxe5 Rxe5 25. Qxe5 Rb8 26. Kf2
Qb5 27. Qc3 Qf5+ 0-1

[Event "2. CLANSKA LIGA ZAHOD 2014"]
[Site "Ljubljana"]
[Date "2014.10.19"]
[Round "4.4"]
[White "Ursic, Mateja"]
[Black "Lesjak, Damjan"]
[Result "1-0"]
[WhiteElo "2034"]
[BlackElo "1815"]
[PlyCount "127"]
[EventDate "2014.10.19"]
[WhiteTeam "SD POSOCJE"]
[BlackTeam "SK VISNJA GORA - STICNA"]

1. e4 c5 2. c3 Nc6 3. Nf3 d6 4. d4 cxd4 5. cxd4 Nf6 6. Nc3 g6 7. h3 Bg7 8. Be3
O-O 9. Be2 Qa5 10. O-O a6 11. a3 b5 12. Qd2 Bb7 13. Bh6 Rac8 14. Rfd1 Qd8 15.
Bxg7 Kxg7 16. b4 Nb8 17. Bd3 Nbd7 18. Rac1 Nb6 19. Qf4 e6 20. Ne2 Qe7 21. Ng3
Rxc1 22. Rxc1 Rc8 23. h4 Rxc1+ 24. Qxc1 d5 25. e5 Ng8 26. h5 Nc4 27. Ng5 Bc6
28. Nf1 Be8 29. Nh2 h6 30. Nh3 a5 31. Bxc4 bxc4 32. bxa5 Qa7 33. Qc3 Ne7 34.
hxg6 Kxg6 35. Nf4+ Kg7 36. Nh5+ Kf8 37. Nf3 Qb7 38. Qd2 Qb1+ 39. Kh2 Ng8 40.
Nf6 Bb5 41. Nxg8 Kxg8 42. Qb4 Qxb4 43. axb4 Kg7 44. Kg3 Kg6 45. Kf4 Ba6 46. Ng1
c3 47. Ke3 Kf5 48. Ne2 c2 49. Nc1 h5 50. g3 Bc4 51. f3 f6 52. g4+ hxg4 53.
fxg4+ Kg5 54. exf6 Kxf6 55. Kd2 e5 56. dxe5+ Kxe5 57. Kxc2 d4 58. Nd3+ Ke4 59.
Nb2 Bb5 60. Kd2 Kf4 61. Nd3+ Kxg4 62. Nc5 Kf4 63. a6 Ke5 64. a7 1-0

[Event "2. CLANSKA LIGA ZAHOD 2014"]
[Site "Ljubljana"]
[Date "2014.10.19"]
[Round "4.5"]
[White "Jese, Janez"]
[Black "Ursic, Jakob"]
[Result "0-1"]
[WhiteElo "1846"]
[BlackElo "1952"]
[PlyCount "70"]
[EventDate "2014.10.19"]
[WhiteTeam "SK VISNJA GORA - STICNA"]
[BlackTeam "SD POSOCJE"]

1. e4 e5 2. Nf3 Nc6 3. d4 exd4 4. c3 d5 5. exd5 Qxd5 6. cxd4 Bg4 7. Be2 O-O-O
8. Nc3 Bb4 9. O-O Qd7 10. Qa4 Nge7 11. Ne5 Nxe5 12. dxe5 Qxa4 13. Bxg4+ Qd7 14.
Bxd7+ Rxd7 15. Ne2 Ng6 16. f4 Bc5+ 17. Kh1 Rhd8 18. g3 Ne7 19. Nc3 Rd3 20. Ne4
Bb6 21. b3 h6 22. Re1 Nf5 23. Ba3 R8d5 24. Rac1 Ra5 25. Bf8 Rxa2 26. b4 Nd4 27.
Rf1 Nf3 28. Rxf3 Rxf3 29. Bxg7 h5 30. Bf6 Rd3 31. f5 Kd7 32. Re1 Re3 33. Rd1+
Kc6 34. Ng5 Ree2 35. Nf3 Rf2 0-1

[Event "2. CLANSKA LIGA ZAHOD 2014"]
[Site "Ljubljana"]
[Date "2014.10.19"]
[Round "4.6"]
[White "Hozjan, Erik"]
[Black "Grabljevec, Stane"]
[Result "1-0"]
[WhiteElo "1848"]
[BlackElo "1807"]
[PlyCount "47"]
[EventDate "2014.10.19"]
[WhiteTeam "SD POSOCJE"]
[BlackTeam "SK VISNJA GORA - STICNA"]

1. e4 e5 2. Nf3 Nc6 3. Bc4 Nf6 4. Ng5 d5 5. exd5 Na5 6. Bb5+ c6 7. dxc6 bxc6 8.
Be2 h6 9. Nf3 e4 10. Ne5 Qd4 11. f4 Bc5 12. Rf1 g5 13. c3 Qd5 14. d4 exd3 15.
Qxd3 gxf4 16. Qxd5 Nxd5 17. b4 Be3 18. Bxe3 Nxe3 19. bxa5 Nc2+ 20. Kd2 Bf5 21.
Rxf4 O-O-O+ 22. Kc1 Bh7 23. Rxf7 Nxa1 24. Ba6+ 1-0

[Event "2. CLANSKA LIGA ZAHOD 2014"]
[Site "Ljubljana"]
[Date "2014.10.19"]
[Round "4.1"]
[White "Treursic, Goran"]
[Black "Bajzelj, Primoz"]
[Result "1/2-1/2"]
[WhiteElo "1956"]
[BlackElo "2049"]
[PlyCount "58"]
[EventDate "2014.10.19"]
[WhiteTeam "SD PIRAN"]
[BlackTeam "SD RADOVLJICA"]

1. d4 d5 2. c4 e6 3. Nc3 Nf6 4. Bg5 Be7 5. Nf3 Nbd7 6. e3 O-O 7. Bd3 a6 8. O-O
dxc4 9. Bxc4 c5 10. Bd3 cxd4 11. Nxd4 Nc5 12. Bc2 Qc7 13. Nb3 b5 14. Nxc5 Qxc5
15. Ne4 Nxe4 16. Bxe7 Qxe7 17. Bxe4 Bb7 18. Bxb7 Qxb7 19. Rc1 Rfd8 20. Qe2 h6
21. Rfd1 Rd5 22. Rxd5 Qxd5 23. b3 Rd8 24. h3 Qd2 25. Rc2 Qd1+ 26. Qxd1 Rxd1+
27. Kh2 Ra1 28. Kg3 Kf8 29. Kf3 Ke7 1/2-1/2

[Event "2. CLANSKA LIGA ZAHOD 2014"]
[Site "Ljubljana"]
[Date "2014.10.19"]
[Round "4.2"]
[White "Anakiev, Dimitar"]
[Black "Ribicic, Marko"]
[Result "1-0"]
[WhiteElo "2042"]
[BlackElo "1830"]
[PlyCount "51"]
[EventDate "2014.10.19"]
[WhiteTeam "SD RADOVLJICA"]
[BlackTeam "SD PIRAN"]

1. Nf3 g6 2. g3 Bg7 3. Bg2 Nf6 4. O-O O-O 5. c4 d6 6. Nc3 e5 7. d3 c6 8. Bd2
Be6 9. b4 Nbd7 10. Ng5 d5 11. cxd5 cxd5 12. Nxe6 fxe6 13. Bh3 Qe8 14. Nb5 Qe7
15. Nc7 Rac8 16. Nxe6 Rfe8 17. Nxg7 Kxg7 18. Qa4 a6 19. Rac1 Qd6 20. Qb3 Rxc1
21. Rxc1 h5 22. Qc2 e4 23. Qc7 Qe7 24. Qxb7 exd3 25. exd3 Ne5 26. Rc7 1-0

[Event "2. CLANSKA LIGA ZAHOD 2014"]
[Site "Ljubljana"]
[Date "2014.10.19"]
[Round "4.3"]
[White "Grein, Bogomir"]
[Black "Kocevar, Tugomir"]
[Result "0-1"]
[WhiteElo "1778"]
[BlackElo "2006"]
[PlyCount "164"]
[EventDate "2014.10.19"]
[WhiteTeam "SD PIRAN"]
[BlackTeam "SD RADOVLJICA"]

1. d4 Nf6 2. e3 d5 3. c4 e6 4. Nc3 c5 5. dxc5 Bxc5 6. cxd5 exd5 7. Bb5+ Nc6 8.
Nge2 O-O 9. O-O a6 10. Ba4 b5 11. Bb3 d4 12. exd4 Nxd4 13. Nxd4 Qxd4 14. Qf3
Bg4 15. Qg3 Bh5 16. Be3 Qd6 17. Bxc5 Qxc5 18. h3 Rad8 19. Rac1 Qb4 20. Nd1 Qd4
21. Qc3 Ne4 22. Qxd4 Rxd4 23. g4 Bg6 24. f4 Nd2 25. Rf2 Nxb3 26. axb3 Be4 27.
Nc3 f5 28. g5 Rfd8 29. Ra1 Bb7 30. Re1 b4 31. Na4 Rd1 32. Rfe2 Kf7 33. Kf2 Rxe1
34. Rxe1 Rd4 35. Rc1 Rxf4+ 36. Kg3 Rf3+ 37. Kh4 Re3 38. Rc7+ Re7 39. Rxe7+ Kxe7
40. Nc5 Bc8 41. Kg3 Kd6 42. Nd3 a5 43. Kf4 Be6 44. Nc1 g6 45. h4 Kd5 46. Ke3
Kc5 47. Nd3+ Kb5 48. Nc1 a4 49. bxa4+ Kxa4 50. Kd4 Kb5 51. Nd3 Bg8 52. Nc1 Bc4
53. Ke5 Kc5 54. b3 Bb5 55. Na2 Bd3 56. Kf4 Bc2 57. Nc1 Kd4 58. Na2 Kc5 59. Nc1
Bxb3 60. Nxb3+ Kc4 61. Nd2+ Kc3 62. Ke3 Kc2 63. Ke2 b3 64. Ke3 b2 65. Ke2 b1=Q
66. Nxb1 Kxb1 67. Kd1 Kb2 68. Kd2 Kb3 69. Kd3 Kb4 70. Kd4 Kb5 71. Kd5 Kb6 72.
Kd4 Kc6 73. Ke5 Kc5 74. h5 Kc6 75. hxg6 hxg6 76. Kf6 f4 77. Kxg6 f3 78. Kg7 f2
79. g6 f1=Q 80. Kh8 Qh3+ 81. Kg8 Kd7 82. g7 Qh5 0-1

[Event "2. CLANSKA LIGA ZAHOD 2014"]
[Site "Ljubljana"]
[Date "2014.10.19"]
[Round "4.4"]
[White "Krivec, Metod"]
[Black "Gasparic, Stojan"]
[Result "1/2-1/2"]
[WhiteElo "1864"]
[BlackElo "1511"]
[PlyCount "47"]
[EventDate "2014.10.19"]
[WhiteTeam "SD RADOVLJICA"]
[BlackTeam "SD PIRAN"]

1. d4 Nf6 2. c4 c5 3. d5 e6 4. Nc3 exd5 5. cxd5 d6 6. e4 g6 7. Bb5+ Bd7 8. Bd3
Bg7 9. Nf3 a6 10. a4 O-O 11. O-O Bg4 12. h3 Bxf3 13. Qxf3 Nbd7 14. Bf4 Ne5 15.
Bxe5 dxe5 16. a5 Ne8 17. Qe3 Rc8 18. b3 Nd6 19. Bc4 f5 20. f3 Qh4 21. Qe1 Qh5
22. Be2 Qh6 23. Qc1 Qh4 24. Qe1 1/2-1/2

[Event "2. CLANSKA LIGA ZAHOD 2014"]
[Site "Ljubljana"]
[Date "2014.10.19"]
[Round "4.5"]
[White "Ploc, Albert"]
[Black "Torkar, Boris"]
[Result "0-1"]
[WhiteElo "1500"]
[BlackElo "1876"]
[PlyCount "46"]
[EventDate "2014.10.19"]
[WhiteTeam "SD PIRAN"]
[BlackTeam "SD RADOVLJICA"]

1. e4 d5 2. exd5 Qxd5 3. Nc3 Qd8 4. Qf3 Nf6 5. Bc4 e6 6. Nge2 Be7 7. O-O O-O 8.
Ne4 Nxe4 9. Qxe4 Nd7 10. d4 Nf6 11. Qf3 Rb8 12. Bd3 b6 13. Nf4 Bb7 14. Qh3 Bc8
15. Nh5 Nxh5 16. Qxh5 g6 17. Qf3 Qxd4 18. Bh6 Rd8 19. Rad1 Qf6 20. Qf4 e5 21.
Qg3 g5 22. Rfe1 Qxh6 23. Qxe5 Bd6 0-1